[Event "OPEN 2026"]
[Site "SAINT DENIS LA REUNION"]
[Date "2026.01.10"]
[Round "5.6"]
[Board "6"]
[White "Frelicot, Eric"]
[Black "Dujardin, Amaury"]
[Result "0-1"]
[WhiteElo "1709"]
[BlackElo "1877"]
[Annotator "thier"]
[PlyCount "57"]
[GameId "2266247688433948"]
[EventDate "2026.??.??"]
[WhiteTeam "Maison des Jeunes et de la Culture de St Benoit"]
[BlackTeam "Echiquier du Lagon - Ass Ecole du Lagon"]

1. d4 Nf6 2. Bf4 d5 3. e3 c5 4. c3 Nc6 5. Nf3 Qb6 6. Qb3 c4 7. Qxb6 axb6 8. Nbd2 b5 9. Be2 Bf5 10. O-O h6 11. Ne5 e6 12. Nxc6 bxc6 13. a3 Nd7 14. Nf3 f6 15. Nh4 Bh7 16. Bh5+ Kd8 17. Bg6 Nb6 18. Bxh7 Rxh7 19. Ng6 Kd7 20. Nxf8+ Rxf8 21. f3 Na4 22. Rae1 (22. Rab1 h5 23. e4 c5 24. Be3 g6 25. dxc5 Kc6 26. exd5+ exd5 27. Rfe1 Re7 28. Kf2 Rfe8 29. Bd4 Rxe1 30. Rxe1 Rxe1 31. Kxe1 f5 32. Kd2 Nxb2 33. Ke3 Nd3 34. g3 g5 35. Bf6 g4 36. fxg4 fxg4 37. Bd4 Nxc5 38. Bg7 Ne6 39. Bf6 Kb6 40. Be7 Ka5 41. Kd2 Ka4 42. Kc2 d4 43. cxd4 Nxd4+ 44. Kc3 Nf3 45. Bd6 Nxh2 46. Kd4 Nf3+ 47. Ke3 Kb3 48. Ke2 Kb2 49. Be7 c3 50. Bf6 Kc2 51. Ke3 Kb3) 22... h5 23. e4 c5 24. Be3 g6 25. dxc5 Kc6 26. exd5+ exd5 27. Re2 Re7 28. Kf2 Rfe8 29. Bd4 0-1

[Event "OPEN 2026"]
[Site "SAINT DENIS LA REUNION"]
[Date "2026.01.10"]
[Round "5.7"]
[Board "7"]
[White "Larroque, Leo"]
[Black "Dace, Jean Emeric"]
[Result "0-1"]
[WhiteElo "1587"]
[BlackElo "1799"]
[PlyCount "82"]
[GameId "2266244201656562"]
[EventDate "2026.??.??"]
[WhiteTeam "Club Echiquier du Nord"]
[BlackTeam "Echiquier du Lagon - Ass Ecole du Lagon"]

1. c4 e6 2. Nc3 d5 3. cxd5 exd5 4. Nf3 Nf6 5. d4 Be7 6. Bf4 c6 7. e3 Nbd7 8. Bd3 a5 9. a4 Nh5 10. Bg3 Nxg3 11. hxg3 Nf6 12. Ne5 Be6 13. Qc2 h5 14. Be2 Bb4 15. g4 h4 16. g5 Ne4 17. g6 fxg6 18. Nxg6 Rh6 19. Ne5 Qg5 20. Bf3 Bf5 21. Qc1 h3 22. Ke2 h2 23. Kf1 Qh4 24. Bxe4 dxe4 25. Ne2 Rf6 26. Ng3 Be6 27. Ke2 Rc8 28. Qc2 Bg4+ 29. Nxg4 Qxg4+ 30. f3 Qxg3 31. Qxe4+ Kf8 32. f4 Re8 33. Qf3 Qh4 34. g3 Qh7 35. Kf2 g5 36. Qg4 gxf4 37. gxf4 Qc2+ 38. Qe2 Rxf4+ 39. exf4 Qxe2+ 40. Kg3 Re3+ 41. Kh4 Be7# 0-1

[Event "OPEN 2026"]
[Site "SAINT DENIS LA REUNION"]
[Date "2026.01.10"]
[Round "5.8"]
[Board "8"]
[White "Bah, Ismael"]
[Black "Mungroo, Arvind"]
[Result "1-0"]
[WhiteElo "1751"]
[BlackElo "1438"]
[PlyCount "65"]
[GameId "2266234580611272"]
[EventDate "2026.??.??"]
[WhiteTeam "Cergy Philidor"]

1. b3 e5 2. Bb2 Nc6 3. e3 Bc5 4. c4 Nge7 5. a3 Ng6 6. Nc3 a5 7. g3 d6 8. Bg2 Be6 9. Nd5 Qd7 10. Ne2 f6 11. d4 Ba7 12. O-O O-O-O 13. b4 h5 14. Qc2 Rh6 15. f4 Bh3 16. b5 Bxg2 17. Kxg2 Nce7 18. Nxe7+ Nxe7 19. Qd3 h4 20. f5 hxg3 21. Nxg3 b6 22. e4 Rdh8 23. Rh1 Qe8 24. Rae1 g6 25. dxe5 fxe5 26. Bc1 Rh4 27. Bg5 Rh3 28. f6 Qg8 29. fxe7 Qh7 30. Qd5 Rxh2+ 31. Rxh2 Qxh2+ 32. Kf3 a4 33. Rh1 1-0

[Event "OPEN 2026"]
[Site "SAINT DENIS LA REUNION"]
[Date "2026.01.10"]
[Round "5.9"]
[Board "9"]
[White "Leclerc, Lucas"]
[Black "Gomez, Antoine"]
[Result "0-1"]
[WhiteElo "1494"]
[BlackElo "1755"]
[PlyCount "84"]
[GameId "2266227958587564"]
[EventDate "2026.??.??"]
[WhiteTeam "La Tour Saint Pierroise"]
[BlackTeam "Club Echiquier du Nord"]

1. e4 e5 2. Nf3 Nc6 3. Bc4 Nd4 4. Nxd4 exd4 5. d3 c6 6. c3 Qf6 7. O-O Bc5 8. b4 dxc3 9. Nxc3 Bd4 10. Bb2 Bxc3 11. Bxc3 Qxc3 12. Qh5 g6 13. Qg5 h6 14. Qf4 Qf6 15. Qe3 d6 16. Rfe1 Be6 17. Bxe6 fxe6 18. Rac1 Qb2 19. Qg3 Qxb4 20. Qxg6+ Kd7 21. e5 d5 22. Re3 Ne7 23. Qg7 Rhg8 24. Qf7 Raf8 25. Qh5 Nf5 26. Rf3 Rg5 27. Qh3 Rfg8 28. g3 R8g7 29. Rf1 Rg4 30. Kh1 Qa3 31. Rb1 Qxa2 32. Rxb7+ Kc8 33. Rxg7 Qa1+ 34. Kg2 Rxg7 35. Rf4 Qxe5 36. Rg4 Rxg4 37. Qxg4 d4 38. Qg8+ Kb7 39. Qf7+ Kb6 40. Qe8 a5 41. Qd8+ Kb5 42. Qd7 Qd5+ 0-1

[Event "OPEN 2026"]
[Site "SAINT DENIS LA REUNION"]
[Date "2026.01.10"]
[Round "5.10"]
[Board "10"]
[White "Khantalina, Ilariya"]
[Black "Chavallard, Yanis"]
[Result "0-1"]
[WhiteElo "1488"]
[BlackElo "1663"]
[Annotator "thier"]
[PlyCount "57"]
[GameId "2266226053333137"]
[EventDate "2026.??.??"]
[WhiteTeam "Club Echiquier du Nord"]
[BlackTeam "Echiquier du Lagon - Ass Ecole du Lagon"]

1. d4 d5 2. c4 c6 3. Nf3 Nf6 4. g3 e6 5. Qc2 Be7 6. Bg2 O-O 7. O-O Nbd7 8. Bf4 Re8 9. Nbd2 Nf8 10. Rad1 Ng6 11. Be5 Nxe5 12. Nxe5 Nd7 13. Ndf3 f6 14. Ng4 dxc4 15. Qxc4 Nb6 16. Qb3 Qd5 17. Nd2 Qxd4 18. Ne3 Qa4 19. Qxa4 Nxa4 20. b3 Nc3 21. Rde1 Nxa2 22. Ndc4 Bb4 23. Ra1 Nc3 24. Bf3 Bd7 25. Rfc1 (25. Rac1 Nd5 26. Nc2 Bf8 27. e4 Nb4 28. Nxb4 Bxb4 29. Rfd1 Rad8 30. Nd6 Bxd6 31. Rxd6 Bc8 32. Rcd1 Rxd6 33. Rxd6 e5 34. Be2 Kf8 35. Bc4 Ke7 36. Rd2 Rd8 37. Rxd8 Kxd8 38. Bg8 h6 39. Kf1 b5 40. Ke2 Ke7 41. Kd3 Be6 42. Bxe6 Kxe6 43. Kc3 a5 44. h4 Kd6 45. f4 Kc5 46. g4 exf4 47. g5 f3 48. Kd2 Kd4 49. Ke1 Kxe4 50. Kf2 a4 51. bxa4 bxa4 52. gxf6 gxf6 53. h5 a3 54. Kf1 a2 55. Kf2 a1=Q) 25... Nd5 26. Nc2 Bf8 27. e4 Nb4 28. Nxb4 Bxb4 29. Rd1 0-1

[Event "OPEN 2026"]
[Site "SAINT DENIS LA REUNION"]
[Date "2026.01.10"]
[Round "5.11"]
[Board "11"]
[White "Mansard, Gregoire"]
[Black "Hasnaoui, Ghannia"]
[Result "1-0"]
[WhiteElo "1651"]
[BlackElo "1399"]
[PlyCount "121"]
[GameId "2266252972638558"]
[EventDate "2026.??.??"]
[WhiteTeam "Club Echiquier du Nord"]
[BlackTeam "Club d'Echecs Labourdonnais"]

1. d4 g6 2. c4 d6 3. Nf3 Bg7 4. g3 Nd7 5. Bg2 e6 6. O-O Ne7 7. e4 O-O 8. Nc3 e5 9. Be3 b6 10. Qc2 Rb8 11. Rad1 Qe8 12. Rfe1 Nc6 13. h3 Bb7 14. a3 Qe7 15. Nb5 Rbc8 16. d5 Nd8 17. Nxa7 Ra8 18. Nb5 Nc5 19. b4 Na6 20. Rd2 Bc8 21. Rc1 Rb8 22. Na7 Bd7 23. b5 Nc5 24. Nc6 Nxc6 25. bxc6 Bc8 26. Bxc5 bxc5 27. Rb1 Ra8 28. Ra1 f5 29. Nh4 f4 30. Kh2 g5 31. Nf5 Bxf5 32. exf5 g4 33. hxg4 fxg3+ 34. fxg3 Qf6 35. Be4 Qg5 36. Qd1 Rf6 37. Kg2 Qe3 38. Qe2 Qc3 39. Rda2 Bh6 40. Qd3 Qa5 41. Rh1 Bg5 42. Rh5 h6 43. Rh1 Qa6 44. Qb3 Qc8 45. Qb7 Qf8 46. Qxc7 Rc8 47. Qa5 Ra8 48. Qc3 Qc8 49. a4 Qb8 50. Qb2 Qxb2+ 51. Rxb2 Rxa4 52. Rb8+ Rf8 53. c7 Ra2+ 54. Kh3 Rxb8 55. cxb8=Q+ Kg7 56. Qc7+ Kg8 57. Qxd6 Ra3 58. Qg6+ Kf8 59. f6 Bf4 60. Qg7+ Ke8 61. Qe7# 1-0

[Event "OPEN 2026"]
[Site "SAINT DENIS LA REUNION"]
[Date "2026.01.10"]
[Round "5.12"]
[Board "12"]
[White "Krafft, Alice"]
[Black "Tsang Chan Chung, Jean Edouard"]
[Result "0-1"]
[WhiteElo "1424"]
[BlackElo "1556"]
[Annotator "thier"]
[PlyCount "134"]
[GameId "2266254379999596"]
[EventDate "2026.??.??"]
[WhiteTeam "Club Echiquier du Nord"]
[BlackTeam "Club Echiquier du Nord"]

{[%evp 0,92,39,13,40,-14,8,14,10,10,31,6,23,28,30,5,5,-44,-14,1,21,12,-6,-23,3,3,-23,-40,-63,-68,-65,-83,-44,-87,-99,-98,-104,-52,24,-111,-131,-147,-156,-159,-146,-148,-153,-154,-154,-146,-126,-138,-136,-186,-118,-129,-90,-77,-77,-77,-80,-100,-77,-89,-32,-106,-93,-106,-97,-100,-55,-77,-77,-68,-96,-170,-170,-162,-166,-176,-123,-145,-139,-171,-163,-173,-171,-187,-101,-163,-84,-79,-68,-239,-239]} 1. e4 c5 2. c3 Nf6 3. e5 Nd5 4. d4 cxd4 5. cxd4 e6 6. Nf3 Nc6 7. a3 d6 8. Be2 Be7 9. O-O O-O 10. Nc3 dxe5 11. dxe5 Nxc3 12. bxc3 Qa5 13. Bb2 Nxe5 14. Nxe5 Qxe5 15. Qc2 Bc5 16. Kh1 Qg5 17. f4 Qh6 18. c4 b6 19. Qe4 Rb8 20. Qf3 Bb7 21. Qg3 Rbd8 22. Bc3 Qg6 23. Qxg6 hxg6 24. Bb4 Rc8 25. Bxc5 Rxc5 26. h3 f5 27. Rfd1 Rcc8 28. Rd7 Rf7 29. Rad1 Ba6 30. Rd8+ Rf8 31. R8d4 Rfe8 32. R1d2 Kf7 33. Kg1 Re7 34. Kf2 Rec7 35. Rd7+ Kf6 36. Rxc7 Rxc7 37. Rc2 g5 38. fxg5+ Kxg5 39. g3 Rd7 40. Ke3 e5 41. h4+ Kf6 42. Rc3 g6 43. Bf3 Rd4 44. Bd5 f4+ 45. gxf4 Rxf4 46. a4 Rxh4 47. Ke2 g5 48. Kd2 Rd4+ 49. Ke3 g4 50. Bg2 Bxc4 51. Be4 Bd5 52. Bxd5 Rxd5 53. Rc4 Rd4 54. Rc6+ Kf5 55. Kf2 Rxa4 56. Rc3 b5 57. Kg2 Rd4 58. Kg3 a5 59. Rc5 Rb4 60. Rc8 Ke4 61. Kxg4 Ke3+ 62. Kg3 a4 63. Rc3+ Kd2 64. Rc8 a3 65. Ra8 Ra4 66. Rxa4 bxa4 67. Kf3 a2 0-1

[Event "OPEN 2026"]
[Site "SAINT DENIS LA REUNION"]
[Date "2026.01.10"]
[Round "5.13"]
[Board "13"]
[White "Fleurie, Frederic"]
[Black "Bigot, Antoine"]
[Result "0-1"]
[WhiteElo "1499"]
[BlackElo "1447"]
[PlyCount "82"]
[GameId "2266233304355002"]
[EventDate "2026.??.??"]
[WhiteTeam "Club Echiquier du Nord"]
[BlackTeam "Le Petit Cavalier"]

1. e4 e5 2. Nf3 Nc6 3. Bb5 Bc5 4. O-O Nge7 5. c3 O-O 6. d4 exd4 7. cxd4 Bb6 8. Nc3 d5 9. exd5 Nxd5 10. Bd3 Bg4 11. Be4 Nxc3 12. bxc3 Re8 13. Qd3 h6 14. h3 Bxf3 15. Qxf3 Qd6 16. Bf4 Qe6 17. Rfe1 Qc4 18. Bd5 Rxe1+ 19. Rxe1 Qb5 20. Be5 Rf8 21. Qg4 Nxe5 22. Rxe5 Qb1+ 23. Kh2 c6 24. Bb3 Bc7 25. f4 Bxe5 26. fxe5 Qb2 27. Qf3 a5 28. d5 cxd5 29. Bxd5 Qb6 30. Bxb7 Qc7 31. g3 Qxe5 32. c4 Rb8 33. Qd5 Qxd5 34. Bxd5 Rb2+ 35. Bg2 Rxa2 36. c5 Kf8 37. h4 a4 38. Kg1 Rxg2+ 39. Kxg2 a3 40. c6 Ke7 41. Kf2 a2 0-1

[Event "OPEN 2026"]
[Site "SAINT DENIS LA REUNION"]
[Date "2026.01.10"]
[Round "5.14"]
[Board "14"]
[White "Firoaguer, Baptiste"]
[Black "Hoareau, Cassandre"]
[Result "0-1"]
[WhiteElo "1541"]
[BlackElo "1422"]
[PlyCount "82"]
[GameId "2266246380986638"]
[EventDate "2026.??.??"]
[WhiteTeam "La Tour Saint Pierroise"]
[BlackTeam "Le Petit Cavalier"]

1. e4 e5 2. Nf3 Nc6 3. d4 exd4 4. Nxd4 Bc5 5. Nb3 Bb6 6. Qe2 Nf6 7. Be3 O-O 8. Bxb6 axb6 9. f3 d5 10. Nc3 dxe4 11. fxe4 Qe7 12. h3 Rd8 13. Nd2 Nd4 14. Qd1 Nxe4 15. Ndxe4 f5 16. a3 Nc6 17. Qe2 fxe4 18. Qxe4 Qxe4+ 19. Nxe4 Re8 20. Bc4+ Kh8 21. O-O Bxh3 22. Ng5 Ne5 23. Bf7 Bd7 24. Bxe8 Rxe8 25. Nf7+ Kg8 26. Nxe5 Rxe5 27. Rad1 Bc6 28. Rd8+ Re8 29. Rxe8+ Bxe8 30. Rd1 c5 31. c4 Bc6 32. b4 cxb4 33. axb4 b5 34. Rd6 g6 35. Kf2 Kg7 36. g3 h5 37. Ke3 Kh6 38. Kf4 Bg2 39. Rf6 Bc6 40. Ke5 Kg5 41. Kd6 Kxf6 0-1

[Event "OPEN 2026"]
[Site "SAINT DENIS LA REUNION"]
[Date "2026.01.10"]
[Round "5.15"]
[Board "15"]
[White "Frison, Jacques"]
[Black "Riviere, Thomas"]
[Result "1-0"]
[WhiteElo "1533"]
[BlackElo "1299"]
[PlyCount "57"]
[GameId "2266217061220469"]
[EventDate "2026.??.??"]
[WhiteTeam "La Tour Saint Pierroise"]
[BlackTeam "Jeu d'Echecs Dann Trois Bassins"]

1. e4 e5 2. Nf3 Nc6 3. Bb5 Nf6 4. O-O Nxe4 5. Re1 f5 6. Bxc6 dxc6 7. d3 Nd6 8. Nxe5 Be6 9. Qh5+ g6 10. Nxg6 hxg6 11. Qxh8 Qe7 12. Qe5 O-O-O 13. Qxe6+ Rd7 14. Qxe7 Bxe7 15. Bd2 Bf6 16. Bc3 Bxc3 17. Nxc3 b5 18. Re6 g5 19. Rae1 Kd8 20. b4 f4 21. f3 a6 22. Ne4 Kc8 23. Nxg5 Kb7 24. Ne4 Kb6 25. Nxd6 Rxd6 26. Rxd6 cxd6 27. h4 a5 28. h5 axb4 29. h6 1-0

[Event "OPEN 2026"]
[Site "SAINT DENIS LA REUNION"]
[Date "2026.01.10"]
[Round "5.16"]
[Board "16"]
[White "Hoareau, Theo"]
[Black "Lai-Cheung-Kit, Guillaume"]
[Result "0-1"]
[WhiteElo "1399"]
[BlackElo "1467"]
[PlyCount "66"]
[GameId "2266208020848676"]
[EventDate "2026.??.??"]
[WhiteTeam "Club Echiquier du Nord"]
[BlackTeam "Club Echiquier du Nord"]

1. e4 d5 2. exd5 Nf6 3. d4 Nxd5 4. Nf3 Nc6 5. Bd2 Bg4 6. h3 Bh5 7. g4 Bg6 8. a3 Nb6 9. Bb5 e6 10. Be3 a6 11. Ba4 Nxa4 12. b3 Nb6 13. Nc3 Nd5 14. Ne2 Nxe3 15. fxe3 Be4 16. Rf1 Qd5 17. Nc3 Bxf3 18. Rxf3 Qd7 19. Ne2 Be7 20. Qd3 O-O-O 21. c4 Ne5 22. Qe4 Nxf3+ 23. Qxf3 h6 24. c5 Rhf8 25. a4 Qd5 26. Qxd5 Rxd5 27. Ng3 Bh4 28. Kd2 Bxg3 29. b4 e5 30. Kc3 exd4+ 31. exd4 Bf2 32. Kc4 Rxd4+ 33. Kb3 Rd3+ 0-1

[Event "OPEN 2026"]
[Site "SAINT DENIS LA REUNION"]
[Date "2026.01.10"]
[Round "5.17"]
[Board "17"]
[White "Maunier, Theo"]
[Black "Antier, Gilbert"]
[Result "0-1"]
[WhiteElo "1299"]
[BlackElo "1507"]
[PlyCount "76"]
[GameId "2266221982240899"]
[EventDate "2026.??.??"]
[WhiteTeam "Echiquier du Lagon - Ass Ecole du Lagon"]
[BlackTeam "La Tour Saint Pierroise"]

1. e4 e6 2. d4 d5 3. e5 c5 4. c3 Nc6 5. Nf3 Qb6 6. a3 c4 7. Be2 Nh6 8. Nbd2 Be7 9. O-O Bd7 10. Rb1 O-O 11. b3 cxb3 12. Nxb3 Nf5 13. g4 Nh4 14. Bg5 Nxf3+ 15. Bxf3 Bxg5 16. Nc5 Qd8 17. Rxb7 Bc8 18. Rb2 Qa5 19. Na4 Rb8 20. Rxb8 Nxb8 21. Qb3 Bd7 22. Bd1 Bxa4 23. Qxa4 Qxa4 24. Bxa4 Bd2 25. Rd1 Bxc3 26. Rd3 Bb2 27. f4 g6 28. Kf2 Rc8 29. Ke2 Rc3 30. Rxc3 Bxc3 31. Kd3 Bb2 32. Bc2 Bxa3 33. Ke2 a5 34. f5 Nc6 35. Ke3 Bb2 36. fxe6 Bxd4+ 37. Kd3 Bxe5 38. Ba4 Ne7 0-1

[Event "OPEN 2026"]
[Site "SAINT DENIS LA REUNION"]
[Date "2026.01.10"]
[Round "5.18"]
[Board "18"]
[White "Pajamalepadeatchy, Shivany"]
[Black "Belin, Jahlanne"]
[Result "0-1"]
[WhiteElo "1299"]
[BlackElo "1299"]
[Annotator "thier"]
[PlyCount "39"]
[GameId "2266212108021829"]
[EventDate "2026.??.??"]
[WhiteTeam "Le Petit Cavalier"]
[BlackTeam "Le Petit Cavalier"]

1. e4 e5 2. Nf3 Nc6 3. Bc4 Nf6 4. Nc3 Bc5 5. d3 O-O 6. O-O d6 7. Ne1 Bg4 8. Nf3 a6 9. h3 Be6 10. Ne1 Bxc4 11. dxc4 b5 12. Qf3 bxc4 (12... Nd4 13. Qg3 Nxe4 14. Qg4 Nxc3 15. Bh6 Nce2+ 16. Kh1 g6 17. Bg5 Qb8 18. Bf6 Qb7 19. Qh4 Nf5 20. Qg5 Qe4 21. f3 Qxc4 22. g4 Neg3+ 23. Kh2 Qxf1 24. gxf5 Qg1#) 13. Qg3 Nxe4 14. Qg4 Nxc3 15. Bh6 Ne2+ 16. Kh1 g6 17. Bg5 Qb8 18. Bf6 Qb7 19. Qh4 Nf4 20. Qg5 0-1

[Event "OPEN 2026"]
[Site "SAINT DENIS LA REUNION"]
[Date "2026.01.10"]
[Round "5.19"]
[Board "19"]
[White "Boutin-Moreau, Mael"]
[Black "Outin, Inoa"]
[Result "1-0"]
[WhiteElo "1299"]
[BlackElo "1299"]
[PlyCount "75"]
[GameId "2266245365772544"]
[EventDate "2026.??.??"]
[WhiteTeam "Club Echiquier du Nord"]
[BlackTeam "Echiquier du Lagon - Ass Ecole du Lagon"]

1. Nf3 e6 2. e4 Nf6 3. Nc3 Nc6 4. d4 d5 5. e5 Nd7 6. Bd3 f6 7. Bf4 f5 8. a3 Be7 9. O-O Nb6 10. Ne2 Bd7 11. Qc1 h6 12. Ng3 g5 13. Bd2 Nc4 14. b3 Nxd2 15. Qxd2 g4 16. Ne1 Nxd4 17. Qf4 Nc6 18. Nh5 Bg5 19. Qg3 Rf8 20. f4 gxf3 21. Nxf3 f4 22. Qh3 Qe7 23. Nxg5 Qxg5 24. g3 fxg3 25. Nf6+ Ke7 26. Nh7 gxh2+ 27. Kxh2 Qd2+ 28. Kh1 Rxf1+ 29. Qxf1 Nxe5 30. Qg1 Nxd3 31. cxd3 Qxd3 32. Qc5+ Kf7 33. Qf2+ Qf5 34. Qh4 Qxh7 35. Rf1+ Kg8 36. Rg1+ Kh8 37. Qf6+ Qg7 38. Qxg7# 1-0

[Event "OPEN 2026"]
[Site "SAINT DENIS LA REUNION"]
[Date "2026.01.10"]
[Round "5.20"]
[Board "20"]
[White "Ahounkeng-Deudin, Anae"]
[Black "Jauze, Arthur"]
[Result "0-1"]
[WhiteElo "1299"]
[BlackElo "1299"]
[Annotator "thier"]
[PlyCount "97"]
[GameId "2266213996372061"]
[EventDate "2026.??.??"]
[WhiteTeam "Le Petit Cavalier"]
[BlackTeam "Les Roys de l'Est"]

1. e4 c5 2. Nc3 Nc6 3. Nf3 Nf6 4. Bc4 e6 5. Qe2 d5 6. exd5 Nd4 7. Nxd4 cxd4 8. Nb5 a6 9. Nxd4 Nxd5 10. Bxd5 Qxd5 11. Nf3 Bc5 12. h3 O-O 13. O-O Re8 14. Re1 f6 15. Qe4 Qxe4 16. Rxe4 e5 17. d4 Bf5 18. Rf4 exf4 19. dxc5 Bxc2 20. Bxf4 Rad8 21. Kh2 Rd1 22. Rxd1 Bxd1 23. Nd2 Re2 24. Kg3 Re8 25. Nc4 Ba4 26. b3 Bc6 27. Nd6 Re2 28. a4 Rb2 29. Nc4 Rxb3+ 30. Kh2 Rc3 31. Nd2 Rxc5 32. Be3 Ra5 33. Bf4 Rxa4 34. g3 b5 35. Nb3 b4 36. Nc5 Ra5 37. Nb3 Rb5 38. Nd4 Rb7 39. Nxc6 b3 40. Bd6 b2 41. Ne7+ Rxe7 42. Bxe7 b1=Q 43. Bd8 Qb8 44. Ba5 Qb5 45. Bd8 a5 46. Bxa5 Qxa5 47. h4 g5 48. hxg5 fxg5 (48... Qxg5 49. f4 Qg4 50. Kg2 h5 51. Kh2 h4 52. gxh4 Qxh4+ 53. Kg2 Qxf4 54. Kg1 Qf3 55. Kh2 Qg4 56. Kh1 f5 57. Kh2 f4 58. Kh1 f3 59. Kh2 Qg2#) 49. f4 0-1

[Event "OPEN 2026"]
[Site "SAINT DENIS LA REUNION"]
[Date "2026.01.10"]
[Round "6.1"]
[Board "1"]
[White "De Peindray D'Ambell, Philippe"]
[Black "Larroque, Luca"]
[Result "1-0"]
[WhiteElo "1942"]
[BlackElo "1817"]
[PlyCount "53"]
[GameId "2266550971371970"]
[EventDate "2026.??.??"]
[WhiteTeam "Club d'Echecs Labourdonnais"]
[BlackTeam "Club Echiquier du Nord"]

1. e4 c5 2. Be2 Nc6 3. f4 g6 4. Nf3 Bg7 5. O-O Nf6 6. d3 O-O 7. a4 b6 8. Qe1 Bb7 9. Qh4 Nd4 10. Nxd4 cxd4 11. Nd2 Rc8 12. Bd1 d6 13. Nf3 e6 14. f5 Nd7 15. Bg5 f6 16. fxg6 hxg6 17. Bh6 e5 18. Nd2 d5 19. Bg4 Qe7 20. Qh3 Bxh6 21. Qxh6 Rxc2 22. Be6+ Qxe6 23. Qxg6+ Kh8 24. Rf3 Rxd2 25. Qh5+ Kg8 26. Rg3+ Qg4 27. Rxg4# 1-0

[Event "OPEN 2026"]
[Site "SAINT DENIS LA REUNION"]
[Date "2026.01.10"]
[Round "6.2"]
[Board "2"]
[White "Ramsamy, Alexandre"]
[Black "Francou, Yvon-Johann"]
[Result "0-1"]
[WhiteElo "1961"]
[BlackElo "1795"]
[Annotator "thier"]
[PlyCount "84"]
[GameId "2266494151610528"]
[EventDate "2026.??.??"]
[WhiteTeam "Les Fous de Sin Dni"]
[BlackTeam "Les Fous de Sin Dni"]

{[%evp 0,45,19,28,64,77,75,64,100,85,78,75,75,95,88,70,94,97,95,96,141,83,61,7,3,-11,-20,-48,-55,-94,-86,-86,-108,-109,-104,-105,-102,-102,-102,-102,-66,-66,-54,-54,-29,-25,-24,-81]} 1. e4 d6 2. d4 Nf6 3. Nc3 e5 4. dxe5 dxe5 5. Qxd8+ Kxd8 6. Nf3 Bd6 7. Bc4 Rf8 8. Bg5 c6 9. O-O-O Ke7 10. Bxf6+ gxf6 11. Nd2 Nd7 12. a3 a5 13. a4 Rg8 14. Nf3 Bc5 15. Nh4 Nb6 16. Bb3 Bxf2 17. g3 Be6 18. Rhf1 Be3+ 19. Kb1 Bg5 20. Nf5+ Bxf5 21. exf5 Rgd8 22. Ne4 Nd5 23. Nxg5 fxg5 24. Rde1 f6 25. Re4 h5 26. h4 g4 27. c3 Nc7 28. Kc2 Rd6 29. Rd1 Rad8 30. Rxd6 Rxd6 31. Ba2 Na6 32. b4 axb4 33. cxb4 Rd4 34. Rxd4 exd4 35. Kb3 c5 36. b5 Nb4 37. Bb1 b6 38. Kc4 Kd6 39. Be4 Ke5 40. Bb1 Nd5 41. Kd3 Ne3 42. Ba2 Nf1 0-1

[Event "OPEN 2026"]
[Site "SAINT DENIS LA REUNION"]
[Date "2026.01.10"]
[Round "6.3"]
[Board "3"]
[White "Mezouaghi, Miloud"]
[Black "Lambert Hoareau, Guillaume"]
[Result "1-0"]
[WhiteElo "1955"]
[BlackElo "1778"]
[Annotator "thier"]
[PlyCount "48"]
[GameId "2266553349779954"]
[EventDate "2026.??.??"]
[WhiteTeam "Echiquier du Lagon - Ass Ecole du Lagon"]
[BlackTeam "L'Echiquier de Saint Joseph"]

1. Nf3 d5 2. c4 d4 3. g3 Nf6 4. Bg2 Nc6 5. b4 e6 6. Qa4 Bd7 7. b5 Nb8 8. Nxd4 Qc8 9. Ba3 Bxa3 10. Nxa3 e5 11. Nf3 Bh3 12. Bxh3 Qxh3 13. Nxe5 O-O 14. Qb3 Re8 15. d4 Nbd7 16. Nxd7 Nxd7 17. Qf3 Nf6 18. Nc2 Qe6 19. Ne3 Rad8 20. Rd1 c6 21. bxc6 bxc6 22. O-O Ne4 23. h4 Rb8 24. c5 (24. d5 Qd7 25. Rd4 Nc3 26. Rd3 Ne4 27. Rfd1 c5 28. g4 (28. Ng4 g6 29. Nh6+ Kg7 30. Ng4 Rb2 31. Re3 Qe7 32. Rxe4 Qxe4 33. Qf6+ Kf8 34. Nh6 Rb7 35. d6 Qe5 36. Qxe5) 28... g6) 24... Qd7 1-0

[Event "OPEN 2026"]
[Site "SAINT DENIS LA REUNION"]
[Date "2026.01.10"]
[Round "6.4"]
[Board "4"]
[White "Dujardin, Amaury"]
[Black "Gretry, Patrice"]
[Result "0-1"]
[WhiteElo "1877"]
[BlackElo "1913"]
[Annotator "thier"]
[PlyCount "34"]
[GameId "2266540413628722"]
[EventDate "2026.??.??"]
[WhiteTeam "Echiquier du Lagon - Ass Ecole du Lagon"]
[BlackTeam "Reunion Echecs Nomades"]

1. e4 e5 2. Nf3 Nc6 3. d4 exd4 4. Nxd4 Bb4+ 5. Nc3 Qh4 6. Be2 Qxe4 7. Ndb5 Bxc3+ 8. bxc3 Kd8 9. O-O Nge7 10. Bd3 Qh4 11. g3 Qf6 12. Bf4 d6 13. c4 a6 14. Nxc7 Kxc7 15. c5 Ne5 16. Qe2 N7c6 17. Rfe1 (17. Be4 Re8 18. Bxc6 Kxc6 19. Rfe1 Be6 20. cxd6 Nc4 21. Rad1 Kd7 22. Qe4 Rab8 23. a4 Rec8 24. Rb1 Rc6 25. Rb4 g5 26. Be3 Nxd6 27. Rd1 Ke7 28. Rxd6 Kxd6 29. Bd4 Qf5 30. Qe3 b5 31. Bb2 Rb7 32. Rd4+ Ke7 33. Ba3+ Kf6 34. h4 h6 35. hxg5+ hxg5 36. f4 g4 37. Bb2 Kg6 38. Rd8 f6 39. Rf8 Bf7) 17... Be6 0-1

[Event "OPEN 2026"]
[Site "SAINT DENIS LA REUNION"]
[Date "2026.01.10"]
[Round "6.5"]
[Board "5"]
[White "Dace, Jean Emeric"]
[Black "Bah, Ismael"]
[Result "1-0"]
[WhiteElo "1799"]
[BlackElo "1751"]
[PlyCount "151"]
[GameId "2266555408753162"]
[EventDate "2026.??.??"]
[WhiteTeam "Echiquier du Lagon - Ass Ecole du Lagon"]
[BlackTeam "Cergy Philidor"]

1. Nf3 Nf6 2. g3 d5 3. c4 c6 4. Bg2 g6 5. O-O Bg7 6. cxd5 cxd5 7. d3 O-O 8. Nbd2 Nc6 9. a3 Bd7 10. Rb1 Qc8 11. Re1 e5 12. e4 dxe4 13. dxe4 Bg4 14. Qa4 Nd7 15. b4 Nb6 16. Qb3 Be6 17. Qc2 h6 18. Nb3 Nd7 19. Be3 f5 20. exf5 gxf5 21. Nh4 e4 22. Ng6 Re8 23. Qd2 Kh7 24. Nf4 Bf7 25. Rec1 Qd8 26. Rd1 Nde5 27. Qe2 Qb8 28. Nc5 b6 29. Nd7 Nxd7 30. Rxd7 Ne5 31. Rdd1 Qb7 32. Kh1 Red8 33. h4 Bc4 34. Qh5 Qf7 35. Qxf7 Bxf7 36. Rbc1 Rac8 37. Rxd8 Rxd8 38. Bh3 Ng4 39. Bxg4 fxg4 40. a4 Rd7 41. a5 bxa5 42. bxa5 Bb3 43. Ne2 a6 44. Rc6 Ba4 45. Re6 Bd1 46. Ng1 Bb3 47. Rxa6 h5 48. Rb6 Bc4 49. Rc6 Bd5 50. Rc5 Bf8 51. Rb5 Bh6 52. a6 Bxe3 53. fxe3 Kg6 54. Ne2 Ba8 55. Nd4 Rc7 56. Kg2 Ra7 57. Rg5+ Kh6 58. Nf5+ Kh7 59. Rxh5+ Kg6 60. Rg5+ Kf6 61. Nd4 Rxa6 62. Rxg4 Ra2+ 63. Kh3 Bb7 64. Rf4+ Kg6 65. g4 Ra1 66. h5+ Kg7 67. Kh4 Re1 68. Kg5 Bd5 69. Nf5+ Kh7 70. Kf6 Ra1 71. g5 Ra6+ 72. Ke5 Bb7 73. g6+ Kh8 74. Rg4 Ra5+ 75. Kf4 Bd5 76. h6 1-0

[Event "OPEN 2026"]
[Site "SAINT DENIS LA REUNION"]
[Date "2026.01.10"]
[Round "6.6"]
[Board "6"]
[White "Chavallard, Yanis"]
[Black "Lutard, Florian"]
[Result "0-1"]
[WhiteElo "1663"]
[BlackElo "2067"]
[Annotator "thier"]
[PlyCount "84"]
[GameId "2266538568634650"]
[EventDate "2026.??.??"]
[WhiteTeam "Echiquier du Lagon - Ass Ecole du Lagon"]
[BlackTeam "Le Petit Cavalier"]

1. c4 e5 2. g3 Nf6 3. Bg2 d5 4. cxd5 Nxd5 5. Nc3 Nb6 6. Nf3 Nc6 7. O-O Be7 8. d3 O-O 9. a3 Be6 10. b4 f6 11. Bb2 Qc8 12. Re1 Rd8 13. Qc2 a5 14. b5 Nd4 15. Nxd4 exd4 16. Na4 Nxa4 17. Qxa4 Bc5 18. Qc2 Bb6 19. a4 Rb8 20. Rac1 Qd7 21. Ba3 Qf7 22. Rb1 Bd5 23. Bxd5 Rxd5 24. Qc4 Re8 25. Bc1 g5 26. e4 dxe3 27. fxe3 Red8 28. d4 Kg7 29. Qe2 Qg6 30. Bb2 Qe4 31. Qg2 Re8 32. Qxe4 Rxe4 33. Kf2 h5 34. h3 Kg6 35. Rbd1 f5 36. Kf3 Rd8 37. Rb1 (37. Rh1 Rde8 38. Bc1 h4 39. gxh4 Rxh4 40. Rdg1 Reh8 41. Rg3 c6 42. bxc6 bxc6 43. Rhg1 Rxh3 44. Rxh3 Rxh3+ 45. Kf2 Rh2+ 46. Rg2 Rxg2+ 47. Kxg2 Kh5 48. Kh3 Bc7 49. Bd2 Kg6 50. Kg2 Kf7 51. Kf3 g4+ 52. Ke2 Ke6 53. Be1 Kd5 54. Kd3 g3 55. e4+ fxe4+ 56. Ke3 g2 57. Bf2 Bg3) 37... Rde8 38. Bc1 h4 39. gxh4 Rxh4 40. Rg1 Reh8 41. Rg3 c6 42. bxc6 bxc6 0-1